[Event "Lublin"]
[Site "Lublin"]
[Date "2012.??.??"]
[Round "6.5"]
[White "Krzyzanowski, Wojciech"]
[Black "Fiala, Lukasz"]
[Result "1-0"]
[WhiteElo "1988"]
[BlackElo "1609"]
[PlyCount "47"]
[EventDate "2012.??.??"]

1. d4 f5 2. g3 Nf6 3. Bg2 e6 4. c4 c6 5. Nf3 Be7 6. Nc3 d5 7. Ne5 O-O 8. O-O
Nbd7 9. cxd5 cxd5 10. Nd3 b6 11. Bf4 Ba6 12. Qa4 Bb7 13. Nb5 Bc6 14. Qb3 Bxb5
15. Qxb5 Nh5 16. Qc6 Kf7 17. Bc7 Rc8 18. Rac1 Qe8 19. Bf3 Nhf6 20. Qb7 Ne4 21.
Bxe4 fxe4 22. Ne5+ Nxe5 23. Bxe5 Kg8 24. Rxc8 1-0

[Event "Lublin"]
[Site "Lublin"]
[Date "2012.??.??"]
[Round "6.7"]
[White "Czerw, Dawid"]
[Black "Krasowski, Piotr"]
[Result "1-0"]
[WhiteElo "1957"]
[BlackElo "1815"]
[PlyCount "70"]
[EventDate "2012.??.??"]

1. d4 e6 2. c4 c5 3. d5 exd5 4. cxd5 Nf6 5. Nc3 d6 6. g3 g6 7. Bg2 Bg7 8. Nf3
O-O 9. O-O Re8 10. Re1 a6 11. a4 Nbd7 12. h3 h6 13. e4 Qc7 14. a5 Nh7 15. Kh2
Rb8 16. e5 Nxe5 17. Nxe5 Rxe5 18. Rxe5 Bxe5 19. Bxh6 Bf5 20. f4 Bg7 21. Bxg7
Kxg7 22. g4 Bd7 23. Ne4 f5 24. gxf5 Bxf5 25. Ng3 Qf7 26. Qb3 Bd7 27. Rf1 Nf6
28. Qc3 Kh6 29. Qd2 Bf5 30. b4 cxb4 31. Qxb4 Qe7 32. Rf2 Re8 33. Re2 Qf8 34.
Rxe8 Nxe8 35. Qb2 Qg7 1-0

[Event "Lublin"]
[Site "Lublin"]
[Date "2012.??.??"]
[Round "6.8"]
[White "Wroblewski, Mieczyslaw"]
[Black "Chlewinski, Artur"]
[Result "1-0"]
[WhiteElo "1817"]
[BlackElo "1696"]
[PlyCount "79"]
[EventDate "2012.??.??"]

1. e4 e6 2. Nf3 c5 3. d4 cxd4 4. Nxd4 Nc6 5. Nb5 d6 6. c4 a6 7. N5c3 Be7 8. Be3
Nf6 9. Be2 O-O 10. O-O Rb8 11. a3 b6 12. b4 Qc7 13. f4 Rd8 14. Qb3 Bb7 15. Bf3
Ba8 16. Nd2 Nd7 17. Rac1 Bf6 18. Nb5 axb5 19. cxb5 Nd4 20. Rxc7 Nxb3 21. Nxb3
Bb2 22. a4 Rbc8 23. Rxc8 Rxc8 24. Rb1 Rc3 25. Bd4 Rxb3 26. Rxb2 Rxb2 27. Bxb2
f5 28. exf5 Bxf3 29. fxe6 Bg4 30. exd7 Bxd7 31. Bd4 Kf7 32. Bxb6 Ke6 33. Bc7 d5
34. b6 Bc8 35. a5 Kd7 36. b5 Bb7 37. Be5 g6 38. a6 Kc8 39. axb7+ Kxb7 40. Bd4
1-0

[Event "Lublin"]
[Site "Lublin"]
[Date "2012.??.??"]
[Round "7.2"]
[White "Siedlanowski, Lukasz"]
[Black "Szczepaniak, Lukasz"]
[Result "1/2-1/2"]
[WhiteElo "1893"]
[BlackElo "1896"]
[PlyCount "94"]
[EventDate "2012.??.??"]

1. e4 e5 2. Nf3 Nc6 3. Bb5 Nf6 4. d3 Bc5 5. O-O d6 6. c3 O-O 7. Nbd2 a6 8. Ba4
Ba7 9. Re1 Ng4 10. Re2 Ne7 11. Nf1 Ng6 12. g3 c6 13. Ne3 Nxe3 14. fxe3 Bg4 15.
Rf2 h5 16. h4 d5 17. Qf1 dxe4 18. dxe4 Qd7 19. Bb3 Be6 20. Bc2 f6 21. b3 Bf7
22. Qe2 Qg4 23. Rg2 Bc5 24. a4 Rfd8 25. Ne1 Qxe2 26. Rxe2 Be6 27. Kf2 Bg4 28.
Rd2 Rxd2+ 29. Bxd2 Rd8 30. Nd3 Bb6 31. c4 Nf8 32. a5 Bc5 33. Bc3 Be7 34. Ke1
Ne6 35. Nf2 Bf3 36. b4 g5 37. hxg5 Nxg5 38. Rb1 Kf8 39. Rb2 Rd7 40. Bd3 Nh3 41.
Be2 Bxe2 42. Kxe2 Nxf2 43. Kxf2 Kf7 44. Rd2 Rxd2+ 45. Bxd2 Kg6 46. Kf3 Kg5 47.
Be1 Bf8 1/2-1/2

[Event "Lublin"]
[Site "Lublin"]
[Date "2012.??.??"]
[Round "7.3"]
[White "Polkowski, Piotr"]
[Black "Praszak, Michal"]
[Result "1-0"]
[WhiteElo "2191"]
[BlackElo "2138"]
[PlyCount "66"]
[EventDate "2012.??.??"]

1. e4 c5 2. Nc3 Nc6 3. Bc4 Nf6 4. d3 g6 5. Nf3 d6 6. h3 Bg7 7. O-O O-O 8. Re1
b6 9. Bf4 Bb7 10. Qd2 Na5 11. Bb3 Nxb3 12. axb3 e5 13. Bh6 Bc8 14. Nh2 Be6 15.
Bxg7 Kxg7 16. f4 Nh5 17. f5 Bd7 18. Rf1 Bc6 19. Ng4 g5 20. f6+ Kg6 21. Rf5 Nf4
22. g3 Ne6 23. Raf1 h6 24. h4 Rg8 25. Nd5 Bxd5 26. exd5 Nf4 27. gxf4 gxf4 28.
R5xf4 Kh7 29. Re4 Rg6 30. Kh2 Qd7 31. Ne3 Rag8 32. Rf2 Kh8 33. Nf5 Qb7 1-0

[Event "Lublin"]
[Site "Lublin"]
[Date "2012.??.??"]
[Round "7.4"]
[White "Pikulinski, Janusz"]
[Black "Krzyzanowski, Wojciech"]
[Result "1-0"]
[WhiteElo "1967"]
[BlackElo "1988"]
[PlyCount "65"]
[EventDate "2012.??.??"]

1. e4 c5 2. Nf3 Nc6 3. d4 cxd4 4. Nxd4 Nf6 5. Nc3 e5 6. Ndb5 d6 7. Nd5 Nxd5 8.
exd5 Nb8 9. c4 a6 10. Nc3 f5 11. Be2 Be7 12. O-O O-O 13. Bd2 Nd7 14. b4 e4 15.
Qc1 Bf6 16. Rb1 b6 17. f3 exf3 18. Bxf3 Ne5 19. Be2 Bd7 20. Qd1 Qc7 21. Qb3
Rfc8 22. Rbc1 Nxc4 23. Ne4 Bd4+ 24. Kh1 b5 25. Qd3 Be5 26. Ng5 Qd8 27. Ne6 Qh4
28. Bf4 Bxe6 29. g3 Qf6 30. dxe6 Bxf4 31. gxf4 Qxe6 32. Bf3 Qf6 33. Bxa8 1-0

[Event "Lublin"]
[Site "Lublin"]
[Date "2012.??.??"]
[Round "7.5"]
[White "Chwalewski, Marek"]
[Black "Czerw, Dawid"]
[Result "1-0"]
[WhiteElo "1939"]
[BlackElo "1957"]
[PlyCount "67"]
[EventDate "2012.??.??"]

1. Nf3 f5 2. d4 Nf6 3. c4 g6 4. Nc3 Bg7 5. g3 d6 6. Bg2 c6 7. a4 a5 8. Bg5 Na6
9. Bxf6 Bxf6 10. h4 Qb6 11. Rb1 Bd7 12. Qd2 O-O-O 13. d5 Nb4 14. Ng5 Rdf8 15.
O-O h6 16. Nf3 Rfg8 17. e3 g5 18. h5 f4 19. dxc6 bxc6 20. c5 Qxc5 21. Ne4 Qc2
22. Nxf6 Qxd2 23. Nxd2 exf6 24. Nc4 Kc7 25. Rfd1 d5 26. Nxa5 fxe3 27. fxe3 Ra8
28. Nb3 Rhe8 29. e4 Bg4 30. Rd4 Nc2 31. Rd2 Ne3 32. exd5 Nxg2 33. d6+ Kd8 34.
Kxg2 1-0

[Event "Lublin"]
[Site "Lublin"]
[Date "2012.??.??"]
[Round "7.8"]
[White "Fiala, Lukasz"]
[Black "Wroblewski, Mieczyslaw"]
[Result "0-1"]
[WhiteElo "1609"]
[BlackElo "1817"]
[PlyCount "78"]
[EventDate "2012.??.??"]

1. e4 c5 2. Nf3 d6 3. d4 cxd4 4. Qxd4 Nc6 5. Bb5 Bd7 6. Bxc6 Bxc6 7. Nc3 Nf6 8.
Bg5 e5 9. Qd3 h6 10. Bxf6 Qxf6 11. Nb5 Qe7 12. O-O-O a6 13. Nxd6+ Qxd6 14. Qxd6
Bxd6 15. Rxd6 O-O 16. Nxe5 Bxe4 17. f3 Bh7 18. Rd7 Rac8 19. c3 f6 20. Ng4 b5
21. Re1 Rf7 22. Ree7 Rxe7 23. Rxe7 b4 24. Re3 f5 25. Nf2 f4 26. Re2 bxc3 27. b3
Rc6 28. Ne4 g5 29. Rc2 Bxe4 30. fxe4 Kf7 31. Re2 Kf6 32. Kc2 Ke5 33. b4 g4 34.
Kd3 f3 35. gxf3 gxf3 36. Rc2 Kf4 37. e5 Rg6 38. e6 Rxe6 39. Rxc3 Re3+ 0-1